000 01227cam a2200361 a 4500
999 _c11223
_d11223
001 12777920
003 OSt
005 20191221110955.0
008 020312s2002 ii bs 001 0 eng
010 _a 2002301187
020 _a9780195678574
025 _aI-E-2002-301187; 79-92
035 _a(DLC) 2002301187
037 _bLibrary of Congress -- New Delhi Overseas Office
_cRs395.00
040 _aDLC
_cDLC
_dDLC
042 _alcode
043 _aa-ii---
050 0 0 _aHC435.2
_b.D726 2002
082 _a338.954
_bDRE/I
100 _aDreze, Jean
_9583
245 1 0 _aIndia, development and participation /
_cJean Drèze and Amartya Sen.
250 _a2nd ed.
260 _aNew Delhi ;
_aNew York :
_bOxford University Press,
_c2002.
300 _axxviii, 512 p. ;
_c23 cm.
500 _aIncludes statistical tables.
504 _aIncludes bibliographical references (p. [415]-478) and indexes.
651 0 _aIndia
_xEconomic conditions
_y1947-
651 0 _aIndia
_xSocial conditions
_y1947-
700 1 _aSen, Amartya,
_d1933-
_9639
906 _a7
_bcbc
_corigode
_d3
_encip
_f20
_gy-gencatlg
942 _2ddc
_cBK
_h338.954
_iDRE/I
_k338.954
_mDRE/I